KOHA-Header-6

ادیان باطلہ اور صراط مستقیم (Record no. 13442)

000 -LEADER
fixed length control field 00295nam a22001097a 4500
082 ## - DEWEY DECIMAL CLASSIFICATION NUMBER
Classification number 297.63
100 ## - MAIN ENTRY--AUTHOR NAME
Personal name مفتی محمّد نعیم
245 ## - TITLE STATEMENT
Title ادیان باطلہ اور صراط مستقیم
260 ## - PUBLICATION, DISTRIBUTION, ETC. (IMPRINT)
Place of publication کراچی
Name of publisher بیت الاشاعت
Year of publication 2011
300 ## - PHYSICAL DESCRIPTION
Number of Pages 608 pages
942 ## - ADDED ENTRY ELEMENTS (KOHA)
Koha item type Books
Holdings
Withdrawn status Lost status Collection code Permanent Location Current Location Shelving location Date acquired Full call number Accession Number Koha item type
    Islamic Studies MAJU MAJU Shelf No.A-9 2022-11-23 297.63 10513 Books

Powered by Koha